000 02025nam a22002297a 4500
001 8322
003 FISKH
005 20250909095115.0
008 250909b cb ||||| |||| 00| 0 eng d
040 _aFISKH
_bkhr
_cFISKH
_dFISKH
050 _aPZ7
082 _a591.7
100 _aAnonymous
245 _aសៀវភៅរៀន ស្រ:ជាភាសាខ្មែរ /
260 _aPhnom Penh :
_bObsok Books,
_c2020.
300 _a24 pages :
_bcolor illustrations ;
_c25 cm
505 _aNP
520 _aរៀនស្រះ ជាសៀវភៅសិក្សាសម្រាប់កុមារ ដែលណែនាំអំពី សត្វ រុក្ខជាតិ និងប្រព័ន្ធអេកូឡូស្ថានក្នុងស្រះ។ តាមរយៈរូបភាពពណ៌ស្រស់ និងអត្ថបទសាមញ្ញជាភាសាខ្មែរ កុមារបានរៀនអំពី ត្រី ដង្ក្រា ព្រឹក្សកណ្តុរ សត្វល្អិត និងរុក្ខជាតិទឹក។ សៀវភៅនេះលើកស្ទួយការសង្កេត ការសួរសំណួរ និងការគោរពបរិស្ថាន ដើម្បីឲ្យកុមារយល់ពីការប្រតិបត្តិ និងទំនាក់ទំនងរវាងសត្វសាធារណៈ និងធម្មជាតិ។
520 _aLearning About the Pond is an educational book for children that introduces the plants, animals, and ecosystem of a pond. Through colorful illustrations and simple text in Khmer, children learn about fish, frogs, insects, aquatic plants, and the balance of nature in a freshwater habitat. The book encourages observation, curiosity, and respect for the environment, helping young readers understand how living things interact in their ecosystem.
942 _2ddc
_cKHB
_n0
999 _c8322
_d8322